000 00729nam a2200289Ia 4500
001 30882
005 20240114001505.0
007 ta
008 060728s1960 g b000 u 346 u
020 _cHB
040 _aCotton College,Assam
041 _a346
082 _a891.4409
_bSe 55 H
100 _aSen, Sukumar .
245 0 _aHistory of Bengali Literature /
_cSukumar Sen.
_hTextual Documents
250 _a1st ed. /
260 _aNew Delhi :
_bSahitya Academy ,
_c1960.
300 _a394p. ;
_c22cm.
653 _aBengali Literature-Criticism
653 _aG-Bengali
653 _aT/G-Bengali
942 _2ddc
_cBK
999 _c30864
_d30864